[Event "Kragero Resort Chess 2018"]
[Site "Kragerø Resort"]
[Date "2018.02.22"]
[Round "3"]
[White "Kveinys, Aloyzas"]
[Black "Dolzhykova, Kateryna"]
[Result "1/2-1/2"]
[WhiteElo "2550"]
[BlackElo "2319"]
[PlyCount "112"]
[EventDate "2018.??.??"]

1. Nf3 Nf6 2. c4 g6 3. g3 Bg7 4. Bg2 d6 5. Nc3 O-O 6. d4 Nc6 7. O-O e5 8. d5
Nb8 9. Ne1 Nbd7 10. e4 a5 11. Bh3 Nc5 12. Bxc8 Qxc8 13. f3 Qh3 14. Be3 Nh5 15.
Bxc5 dxc5 16. Qd2 Nf6 17. Nd3 b6 18. Qg2 Qxg2+ 19. Kxg2 Ne8 20. Nb5 Rc8 21. Na7
Ra8 22. Nc6 Nd6 23. Rac1 Rfe8 24. Rc2 f6 25. Re1 Bh6 26. h4 Kf7 27. g4 Bf4 28.
Nxf4 exf4 29. g5 Nf5 30. gxf6 Nxh4+ 31. Kf2 Kxf6 32. e5+ Kf5 33. Rce2 g5 34.
Rd1 g4 35. fxg4+ Kxg4 36. d6 cxd6 37. exd6 Rxe2+ 38. Kxe2 Nf3 39. d7 Nd4+ 40.
Nxd4 cxd4 41. Rxd4 Rd8 42. Rd1 h5 43. Rg1+ Kf5 44. Rg7 Kf6 45. Rh7 Kg6 46. Re7
h4 47. Kf3 h3 48. b3 h2 49. Kg2 Rh8 50. Kh1 f3 51. Re3 Rd8 52. Rxf3 Rxd7 53.
Rf2 a4 54. bxa4 Ra7 55. Rb2 Rxa4 56. Kxh2 Rxc4
1/2-1/2

[Event "Kragero Resort Chess 2018"]
[Site "Kragerø Resort"]
[Date "2018.02.22"]
[Round "3"]
[White "Thorfinnsson, Bragi"]
[Black "Christiansen, Johan-Sebastian"]
[Result "1/2-1/2"]
[WhiteElo "2426"]
[BlackElo "2498"]
[PlyCount "90"]
[EventDate "2018.??.??"]

1. Nf3 d5 2. b3 c5 3. Bb2 Nf6 4. e3 g6 5. c4 Bg7 6. cxd5 Qxd5 7. Bb5+ Nc6 8.
Nc3 Qf5 9. O-O Bd7 10. Re1 Qh5 11. Rc1 O-O 12. Ne2 b6 13. Ng3 Qh6 14. Rc4 Bh8
15. Rh4 Qg7 16. Bxc6 Bxc6 17. Ne5 Rac8 18. Nxc6 Rxc6 19. e4 Rd8 20. e5 Nd5 21.
Qf3 Re6 22. a3 h6 23. h3 Qf8 24. Ree4 Nc7 25. d4 cxd4 26. Bxd4 Bg7 27. Re1 Nb5
28. Bb2 Rd2 29. Re2 Qd8 30. Rc4 Rd1+ 31. Kh2 Rb1 32. a4 Nc7 33. Qb7 Qd1 34. h4
Nd5 35. Rd4 Qxb3 36. Rxd5 Rxb2 37. Rd8+ Kh7 38. Rxb2 Qxb2 39. Qf3 f5 40. h5
Qxe5 41. hxg6+ Rxg6 42. Qxf5 Qxf5 43. Nxf5 e6 44. Nxg7 Rxg7 45. Re8 Rg4
1/2-1/2

[Event "Kragero Resort Chess 2018"]
[Site "Kragerø Resort"]
[Date "2018.02.22"]
[Round "3"]
[White "Kantans, Toms"]
[Black "Hobber, Anders"]
[Result "1-0"]
[WhiteElo "2487"]
[BlackElo "2286"]
[PlyCount "75"]
[EventDate "2018.??.??"]

1. e4 e6 2. d4 d5 3. Nd2 Nf6 4. e5 Nfd7 5. Bd3 c5 6. c3 Nc6 7. Ne2 cxd4 8. cxd4
f6 9. exf6 Nxf6 10. O-O Bd6 11. Nf3 O-O 12. Bf4 Bxf4 13. Nxf4 Ne4 14. Ne2 Ng5
15. Ne5 Nxe5 16. dxe5 Nf7 17. f4 Qb6+ 18. Kh1 Qxb2 19. Nd4 g6 20. Qa4 Bd7 21.
Qxd7 Qxd4 22. Rad1 Qb6 23. Rb1 Qd4 24. Be2 Nd8 25. Bg4 Rxf4 26. Qe8+ Kg7 27.
Bxe6 Qxe5 28. Qd7+ Kh8 29. Qe8+ Kg7 30. Rxf4 Qxf4 31. Bxd5 Qf5 32. Rd1 Rc8 33.
Qe7+ Kh6 34. Bg8 Qh5 35. Qf8+ Kg5 36. Rd5+ Kg4 37. Qf3+ Kh4 38. Qg3#
1-0

[Event "Kragero Resort Chess 2018"]
[Site "Kragerø Resort"]
[Date "2018.02.22"]
[Round "3"]
[White "Tryggestad, Andreas G"]
[Black "Lie, Espen"]
[Result "0-1"]
[WhiteElo "2241"]
[BlackElo "2473"]
[PlyCount "102"]
[EventDate "2018.??.??"]

1. e4 e5 2. Nf3 Nc6 3. Bb5 a6 4. Bxc6 dxc6 5. O-O Qf6 6. d4 exd4 7. Bg5 Qd6 8.
Qxd4 Bg4 9. Qe3 Qc5 10. Nbd2 f6 11. Bf4 O-O-O 12. Rad1 g5 13. Nb3 Qxe3 14.
Rxd8+ Kxd8 15. Bxe3 h6 16. h3 Bc8 17. Rd1+ Ke8 18. Nc5 b6 19. Nd3 c5 20. Bd2
Rh7 21. Bc3 Bb7 22. Re1 c4 23. Nc1 Re7 24. Nd2 b5 25. f3 Rd7 26. a3 Bc5+ 27.
Kf1 Ne7 28. Ne2 Kf7 29. Ng3 Kg6 30. Rd1 Nc6 31. Ke2 Bc8 32. Ndf1 Bd4 33. Ne3
Bxe3 34. Rxd7 Bf4 35. Rd5 Bxg3 36. Be1 Bd6 37. h4 Be6 38. Rd1 f5 39. hxg5 hxg5
40. exf5+ Bxf5 41. c3 Bd3+ 42. Ke3 Bc2 43. Rd5 Ne7 44. Rd2 Bf4+ 45. Kd4 Nf5+
46. Kc5 Bxd2 47. Bxd2 Nh4 48. f4 g4 49. g3 Nf5 50. Be1 Ne7 51. Kb4 Kf5
0-1

[Event "Kragero Resort Chess 2018"]
[Site "Kragerø Resort"]
[Date "2018.02.22"]
[Round "3"]
[White "Kaasen, Tor Fredrik"]
[Black "Houska, Jovanka"]
[Result "1-0"]
[WhiteElo "2335"]
[BlackElo "2408"]
[PlyCount "115"]
[EventDate "2018.??.??"]

1. d4 d5 2. c4 e6 3. Nf3 Nf6 4. g3 Bb4+ 5. Bd2 Be7 6. Bg2 O-O 7. O-O c6 8. Qc2
Nbd7 9. Bf4 b5 10. b3 Bb7 11. c5 a5 12. Nc3 Re8 13. h3 Nh5 14. Bd2 Nhf6 15. e3
Qc7 16. Ne1 e5 17. f4 exd4 18. exd4 b4 19. Na4 Ne4 20. Kh2 Ba6 21. Nd3 Bf6 22.
Ne5 Bxf1 23. Bxe4 dxe4 24. Rxf1 Bd8 25. Re1 Nxe5 26. fxe5 f6 27. Qxe4 fxe5 28.
Nb6 Ra7 29. Bf4 a4 30. Nxa4 Bf6 31. dxe5 g5 32. Qc4+ Qf7 33. e6 Qg6 34. Bd6 h5
35. Re2 Rg7 36. Nb6 h4 37. g4 Be7 38. Nd7 Kh7 39. Be5 Rgg8 40. Rf2 Kh6 41. Kg2
Ra8 42. Bd6 Qh7 43. Bxe7 Qxe7 44. Rf6+ Rg6 45. Rxg6+ Kxg6 46. Qd3+ Kg7 47. Qd4+
Kh6 48. Qd6 Re8 49. Ne5 Qxe6 50. Nxc6 Qxd6 51. cxd6 Re2+ 52. Kf3 Rd2 53. Ne7
Kg7 54. Ke3 Rd1 55. Ke2 Ra1 56. d7 Rxa2+ 57. Ke3 Ra8 58. Nc8
1-0

[Event "Kragero Resort Chess 2018"]
[Site "Kragerø Resort"]
[Date "2018.02.22"]
[Round "3"]
[White "Baldursson, Hrannar"]
[Black "Sagafos, Magne"]
[Result "1/2-1/2"]
[WhiteElo "2153"]
[BlackElo "2384"]
[PlyCount "74"]
[EventDate "2018.??.??"]

1. c4 g6 2. Nc3 Bg7 3. Nf3 d6 4. e4 Nf6 5. Be2 O-O 6. O-O e5 7. d3 c6 8. h3 a6
9. Be3 b5 10. b4 d5 11. exd5 cxd5 12. Bc5 Re8 13. cxd5 Nxd5 14. Nxd5 Qxd5 15.
Nd2 Bb7 16. Bf3 Qd7 17. Ne4 Bxe4 18. Bxe4 Nc6 19. Qf3 Rac8 20. Rac1 Bh6 21.
Bxc6 Rxc6 22. Be3 Rxc1 23. Rxc1 Bxe3 24. Qxe3 Qd5 25. a3 Qb3 26. d4 Qxe3 27.
fxe3 exd4 28. exd4 Re3 29. d5 Kf8 30. Rc8+ Ke7 31. Rc7+ Ke8 32. d6 Rd3 33. Re7+
Kf8 34. Rd7 Ke8 35. Re7+ Kf8 36. Rd7 Ke8 37. Re7+ Kf8
1/2-1/2

[Event "Kragero Resort Chess 2018"]
[Site "Kragerø Resort"]
[Date "2018.02.22"]
[Round "3"]
[White "Risting, Eivind Olav"]
[Black "Nielsen, Andre"]
[Result "1-0"]
[WhiteElo "2308"]
[BlackElo "2145"]
[PlyCount "61"]
[EventDate "2018.??.??"]

1. d4 Nf6 2. c4 e6 3. Nc3 Bb4 4. Qc2 O-O 5. Nf3 d6 6. Bd2 b6 7. e4 c5 8. e5
cxd4 9. exf6 dxc3 10. bxc3 Qxf6 11. Bd3 g6 12. O-O Ba5 13. Be4 d5 14. cxd5 e5
15. Bg5 Qd6 16. Be7 Qxe7 17. d6 Qxd6 18. Bxa8 Na6 19. Qe2 Nc5 20. Rfd1 Qc7 21.
Bd5 Na4 22. Qe3 Nxc3 23. Qh6 Nxd5 24. Rxd5 Rd8 25. Rxd8+ Qxd8 26. Ng5 Qf6 27.
Rc1 Bd7 28. Rc7 Qf5 29. Qxh7+ Kf8 30. Qxf7+ Qxf7 31. Nxf7
1-0

[Event "Kragero Resort Chess 2018"]
[Site "Kragerø Resort"]
[Date "2018.02.22"]
[Round "3"]
[White "Bergsson, Stefan"]
[Black "Pantzar, Milton"]
[Result "0-1"]
[WhiteElo "2093"]
[BlackElo "2260"]
[PlyCount "64"]
[EventDate "2018.??.??"]

1. c4 c5 2. Nc3 Nc6 3. g3 g6 4. Bg2 Bg7 5. a3 d6 6. Rb1 e6 7. b4 Nge7 8. bxc5
dxc5 9. Ne4 b6 10. Bb2 O-O 11. h4 f5 12. Ng5 e5 13. h5 h6 14. N5h3 g5 15. f4 g4
16. Nf2 Qd6 17. fxe5 Bxe5 18. Bxe5 Qxe5 19. Rb3 Be6 20. Re3 Qd6 21. Rh4 Rae8
22. Qb1 Nd4 23. Rc3 Kh8 24. Kd1 Bxc4 25. e4 Qe5 26. Re3 Qg7 27. Qb2 f4 28. Rc3
fxg3 29. Nxg4 Bf1 30. Nf3 Bxg2 31. Ne1 Rf1 32. Nxh6 Bf3+
0-1

[Event "Kragero Resort Chess 2018"]
[Site "Kragerø Resort"]
[Date "2018.02.22"]
[Round "3"]
[White "Kantane, Anna"]
[Black "Hagesather, Arne"]
[Result "1-0"]
[WhiteElo "2254"]
[BlackElo "2032"]
[PlyCount "73"]
[EventDate "2018.??.??"]

1. e4 c6 2. d4 d5 3. Nc3 dxe4 4. Nxe4 Bf5 5. Ng3 Bg6 6. h4 h6 7. Nf3 Nd7 8. h5
Bh7 9. Bd3 Bxd3 10. Qxd3 e6 11. Bd2 Ngf6 12. O-O-O Be7 13. Ne4 Qc7 14. Kb1 Rd8
15. c3 c5 16. Nxf6+ Nxf6 17. Qb5+ Qd7 18. Qe2 cxd4 19. Nxd4 Qa4 20. f4 Rd5 21.
Bc1 Qa5 22. g4 Qa6 23. c4 Rc5 24. b3 Nh7 25. Nb5 Rc8 26. Rhg1 Qb6 27. Be3 Qa6
28. g5 hxg5 29. fxg5 O-O 30. g6 Nf6 31. h6 Qc6 32. Bd4 Rcd8 33. Qc2 a6 34. hxg7
axb5 35. gxf8=Q+ Kxf8 36. gxf7 Qe4 37. Bxf6
1-0

[Event "Kragero Resort Chess 2018"]
[Site "Kragerø Resort"]
[Date "2018.02.22"]
[Round "3"]
[White "Nordquelle, Daniel"]
[Black "Fossan, Aleksander"]
[Result "1-0"]
[WhiteElo "2220"]
[BlackElo "2004"]
[PlyCount "135"]
[EventDate "2018.??.??"]

1. e4 c5 2. Ne2 g6 3. Nbc3 Bg7 4. g3 Nc6 5. Bg2 Rb8 6. d3 b5 7. Bf4 e5 8. Be3
b4 9. Nb1 d6 10. Qc1 Nge7 11. Bh6 O-O 12. h4 f5 13. h5 Qe8 14. Bxg7 Kxg7 15.
hxg6 Qxg6 16. Nd2 h6 17. Nf3 fxe4 18. dxe4 Nd4 19. Nfxd4 cxd4 20. Qd2 Bg4 21.
Nc1 Ng8 22. Nd3 Nf6 23. f3 Bxf3 24. Bxf3 Nxe4 25. Qg2 Qxg3+ 26. Ke2 Qxg2+ 27.
Bxg2 Ng3+ 28. Kd2 Nxh1 29. Rxh1 a5 30. Be4 Rf6 31. Ne1 Rbf8 32. Rh3 Rh8 33. Ng2
Rf2+ 34. Kd3 h5 35. Rg3+ Kf7 36. Bd5+ Kf6 37. Nh4 Rh7 38. Rg6+ Ke7 39. Rg8 Kd7
40. Ra8 Rh6 41. Ra7+ Kd8 42. Rg7 Rhf6 43. Ng6 h4 44. Nxh4 Rh6 45. Nf3 Rh1 46.
Ng5 Rd1+ 47. Kc4 Rxc2+ 48. Kb5 Rf1 49. Ne6+ Kc8 50. Kb6 Rfc1 51. Bb7+ Kb8 52.
Rg8+ Rc8 53. Bxc8 Rxc8 54. Rg7 Re8 55. Nc7 Rh8 56. Nb5 Kc8 57. Nxd6+ Kb8 58.
Rb7+ Ka8 59. Ra7+ Kb8 60. Rb7+ Ka8 61. Rd7 a4 62. Ra7+ Kb8 63. Rb7+ Ka8 64. Rd7
Rb8+ 65. Ka6 Rh8 66. Kb6 Rg8 67. Ka6 Rh8 68. Nc4
1-0

[Event "Kragero Resort Chess 2018"]
[Site "Kragerø Resort"]
[Date "2018.02.24"]
[Round "7"]
[White "Skotheim, Andreas"]
[Black "Dahl, Trygve"]
[Result "1/2-1/2"]
[WhiteElo "2025"]
[BlackElo "2217"]
[PlyCount "63"]
[EventDate "2018.??.??"]

1. c4 f5 2. g3 Nf6 3. Bg2 d6 4. d4 e6 5. b3 Be7 6. Bb2 O-O 7. Nf3 Qe8 8. Nbd2
Qh5 9. e3 Nc6 10. a3 a5 11. O-O g5 12. Ne1 Qh6 13. Nd3 e5 14. dxe5 dxe5 15.
Nxe5 Nxe5 16. Bxe5 c6 17. Bc3 Be6 18. Qe2 Rae8 19. h3 Bd6 20. f4 Bc8 21. Qf2
Re7 22. b4 gxf4 23. exf4 Rfe8 24. Rae1 Ne4 25. Nxe4 fxe4 26. Qd4 Bxh3 27. Bxh3
Qxh3 28. Qh8+ Kf7 29. Qf6+ Kg8 30. Qh8+ Kf7 31. Qf6+ Kg8 32. Qh8+
1/2-1/2

[Event "Kragero Resort Chess 2018"]
[Site "Kragerø Resort"]
[Date "2018.02.22"]
[Round "3"]
[White "Dahl, Trygve"]
[Black "Huse, Sigurd Kjelsbøl"]
[Result "1-0"]
[WhiteElo "2217"]
[BlackElo "1993"]
[PlyCount "97"]
[EventDate "2018.??.??"]

1. e4 e5 2. Nf3 Nf6 3. Nc3 Nc6 4. Bb5 Bb4 5. O-O O-O 6. d3 Bxc3 7. bxc3 d6 8.
Re1 Ne7 9. d4 Ng6 10. dxe5 dxe5 11. Ba3 Bg4 12. Bxf8 Qxf8 13. h3 Rd8 14. Bd3
Bxf3 15. Qxf3 Nf4 16. Red1 Qc5 17. Rab1 b6 18. Kh2 h6 19. Rb5 Rxd3 20. Rxc5
Rxf3 21. gxf3 bxc5 22. Rd8+ Kh7 23. Ra8 Ne2 24. a4 Nxc3 25. Rxa7 Ne8 26. a5 Nb5
27. Rb7 Nd4 28. a6 Nc6 29. a7 Nxa7 30. Rxa7 g5 31. Ra5 Kg7 32. Rxc5 f6 33. c4
Kf7 34. Rd5 h5 35. c5 c6 36. Rd7+ Ke6 37. Rh7 h4 38. Kg1 f5 39. exf5+ Kxf5 40.
Re7 Nf6 41. Rc7 e4 42. Rxc6 exf3 43. Rc8 Ke6 44. c6 Kd6 45. c7 Nd7 46. Kh2 Kc6
47. Rg8 Kxc7 48. Rxg5 Kd6 49. Rh5
1-0

[Event "Kragero Resort Chess 2018"]
[Site "Kragerø Resort"]
[Date "2018.02.22"]
[Round "3"]
[White "Ingebretsen, Jens E"]
[Black "Unneland, Mathias"]
[Result "1-0"]
[WhiteElo "2174"]
[BlackElo "1860"]
[PlyCount "75"]
[EventDate "2018.??.??"]

1. e4 e6 2. d4 d5 3. Nd2 a6 4. Ngf3 c5 5. exd5 exd5 6. Be2 Bd6 7. dxc5 Bxc5 8.
Nb3 Bb6 9. O-O Ne7 10. Bf4 O-O 11. Re1 Nbc6 12. c3 Bf5 13. Qd2 Ng6 14. Bg3 Qd7
15. Rad1 Rad8 16. Nfd4 Be6 17. Nxe6 fxe6 18. Bg4 Rde8 19. Qg5 Qf7 20. Re2 Bd8
21. Qd2 Bf6 22. Bd6 Nce5 23. Bxf8 Nxg4 24. Bd6 N4e5 25. Qe1 Nc4 26. Rxd5 Rd8
27. Rxe6 Nf8 28. Bxf8 Rxd5 29. Bc5 Qd7 30. Re8+ Kf7 31. Rf8+ Kg6 32. Bd4 a5 33.
Qe2 b5 34. g4 a4 35. Nc5 Qd6 36. Qe8+ Kh6 37. Ne4 Qf4 38. Nxf6
1-0

[Event "Kragero Resort Chess 2018"]
[Site "Kragerø Resort"]
[Date "2018.02.23"]
[Round "4"]
[White "Hillarp Persson, Tiger"]
[Black "Thorfinnsson, Bragi"]
[Result "0-1"]
[WhiteElo "2543"]
[BlackElo "2426"]
[PlyCount "140"]
[EventDate "2018.??.??"]

1. c4 e6 2. g3 d5 3. Nf3 c6 4. b3 Nf6 5. Bg2 Be7 6. O-O O-O 7. Bb2 a5 8. Nc3
Nbd7 9. Qc2 Re8 10. d4 Bf8 11. e4 Nxe4 12. Nxe4 dxe4 13. Qxe4 a4 14. Rfd1 Ra6
15. Qc2 a3 16. Bc3 b5 17. c5 Nf6 18. b4 Nd5 19. Bd2 f6 20. Re1 Re7 21. Re2 Bd7
22. Rae1 Qc8 23. Nh4 Qe8 24. f4 g6 25. Qb1 Qf7 26. Be4 Qg7 27. Bc2 Ra8 28. Bb3
Ree8 29. Qd3 Qf7 30. Kg2 Bg7 31. Nf3 Bh6 32. Rf2 Bg7 33. h3 Kh8 34. h4 Ne7 35.
Rfe2 Nd5 36. Bc2 Bf8 37. Rf2 Ne7 38. Bb3 Nd5 39. g4 Bg7 40. g5 Ne7 41. gxf6
Bxf6 42. Ne5 Bxe5 43. fxe5 Nf5 44. Bg5 h5 45. Bf6+ Kh7 46. Rg1 Rg8 47. Kf1 Be8
48. Rg5 Qd7 49. Rfxf5 gxf5 50. Rxg8 Kxg8 51. Qg3+ Kf8 52. Bxe6 Qh7 53. Qf4 Bd7
54. Bxd7 Qxd7 55. Qh6+ Kf7 56. Qh7+ Ke6 57. d5+ cxd5 58. Qxh5 d4 59. Qg6 Qe8
60. Qg7 Kd5 61. Qb7+ Kc4 62. Qf3 Kxb4 63. h5 Qg8 64. h6 Qc4+ 65. Qe2 Qc1+ 66.
Qe1+ Qxe1+ 67. Kxe1 Kc3 68. h7 Kc2 69. c6 d3 70. Bg5 b4
0-1

[Event "Kragero Resort Chess 2018"]
[Site "Kragerø Resort"]
[Date "2018.02.23"]
[Round "4"]
[White "Chatalbashev, Boris"]
[Black "Kantane, Anna"]
[Result "1-0"]
[WhiteElo "2571"]
[BlackElo "2254"]
[PlyCount "77"]
[EventDate "2018.??.??"]

1. d4 Nf6 2. Nf3 g6 3. Nbd2 d5 4. e3 Bg7 5. b4 a5 6. b5 a4 7. Ba3 c6 8. c4 cxb5
9. cxb5 Nbd7 10. Rc1 O-O 11. Qc2 Re8 12. Qc7 e6 13. Bd3 Bf8 14. Bxf8 Qxc7 15.
Rxc7 Kxf8 16. Ke2 Rd8 17. h4 h5 18. Rhc1 Ne8 19. R7c2 Nd6 20. Ne5 Nb6 21. Ndf3
Bd7 22. Nxd7+ Rxd7 23. Ne5 Rdd8 24. Kd2 Ra5 25. Rc7 Na8 26. R7c5 Nb6 27. f3 Kg7
28. a3 Kf6 29. Kc3 Kg7 30. Kb4 Raa8 31. Rc7 Kg8 32. g4 hxg4 33. fxg4 Rac8 34.
h5 Ndc4 35. Nxf7 Rxc7 36. Nxd8 Rd7 37. Nxe6 Nxe3 38. hxg6 Nxg4 39. Rf1
1-0

[Event "Kragero Resort Chess 2018"]
[Site "Kragerø Resort"]
[Date "2018.02.23"]
[Round "4"]
[White "Christiansen, Johan-Sebastian"]
[Black "Kaasen, Tor Fredrik"]
[Result "1/2-1/2"]
[WhiteElo "2498"]
[BlackElo "2335"]
[PlyCount "68"]
[EventDate "2018.??.??"]

1. e4 c5 2. Nf3 e6 3. d4 cxd4 4. Nxd4 a6 5. Nc3 b5 6. Bd3 Ne7 7. O-O Nbc6 8.
Nb3 Ng6 9. f4 Be7 10. a4 b4 11. Ne2 O-O 12. Ng3 d6 13. a5 Bb7 14. Be3 Re8 15.
Bb6 Qc8 16. Qg4 e5 17. f5 Nf4 18. Be3 Bf6 19. Rad1 Kh8 20. Rf2 d5 21. Bxf4 exf4
22. Nh5 dxe4 23. Nxf6 gxf6 24. Qh4 Qd8 25. Rxf4 Ne5 26. Be2 Qe7 27. Qh3 Rg8 28.
Qe3 Rac8 29. Rd2 Rc7 30. Kh1 Nf3 31. Rd1 Ne5 32. Rd2 Nf3 33. Rd1 Ne5 34. Rd2
Nf3
1/2-1/2

[Event "Kragero Resort Chess 2018"]
[Site "Kragerø Resort"]
[Date "2018.02.23"]
[Round "4"]
[White "Lie, Kjetil A."]
[Black "Tryggestad, Andreas G"]
[Result "1-0"]
[WhiteElo "2523"]
[BlackElo "2241"]
[PlyCount "51"]
[EventDate "2018.??.??"]

1. Nf3 Nf6 2. c4 g6 3. Nc3 d5 4. cxd5 Nxd5 5. Qc2 Bg7 6. e4 Nb6 7. d4 Nc6 8. d5
Na5 9. Be3 c6 10. Rd1 cxd5 11. Bxb6 axb6 12. Nxd5 Nc6 13. Nf6+ Bxf6 14. Rxd8+
Kxd8 15. Bc4 Bg4 16. Qb3 Kc7 17. O-O e6 18. Ne1 e5 19. Nc2 Bg5 20. Qg3 h5 21.
Nb4 Ra5 22. Nd5+ Kb8 23. h3 f5 24. hxg4 hxg4 25. Rd1 Ra4 26. Qb3
1-0

[Event "Kragero Resort Chess 2018"]
[Site "Kragerø Resort"]
[Date "2018.02.23"]
[Round "4"]
[White "Pantzar, Milton"]
[Black "Kveinys, Aloyzas"]
[Result "0-1"]
[WhiteElo "2260"]
[BlackElo "2550"]
[PlyCount "84"]
[EventDate "2018.??.??"]

1. c4 e5 2. Nc3 Nc6 3. Nf3 g6 4. d4 exd4 5. Nxd4 Bg7 6. Nc2 Nge7 7. g3 d6 8.
Bg2 O-O 9. O-O a6 10. Bd2 Rb8 11. a4 Be6 12. Ne3 Ne5 13. b3 c6 14. f4 Nd7 15.
Rc1 Qb6 16. Kh1 a5 17. Ne4 d5 18. c5 Qa7 19. Nd6 d4 20. Nec4 Qxc5 21. Bxa5 b5
22. b4 Qh5 23. Nd2 Nd5 24. Bf3 Qh3 25. Bg2 Qh6 26. Qc2 Ne3 27. Qxc6 Nf6 28. Rf3
Nxg2 29. Kxg2 Qh3+ 30. Kg1 Bd5 31. Qc5 bxa4 32. Bc7 Ra8 33. Nb5 a3 34. Ra1 a2
35. Be5 Ng4 36. Nf1 Bxf3 37. exf3 Nxe5 38. fxe5 Rfc8 39. Qd5 Qe6 40. Qxe6 fxe6
41. f4 Rc2 42. Nxd4 Rb2
0-1

[Event "Kragero Resort Chess 2018"]
[Site "Kragerø Resort"]
[Date "2018.02.23"]
[Round "4"]
[White "Lindbøl, Aleksander"]
[Black "Genocchio, Daniele"]
[Result "0-1"]
[WhiteElo "2218"]
[BlackElo "2385"]
[PlyCount "94"]
[EventDate "2018.??.??"]

1. c4 e5 2. g3 Nf6 3. Bg2 h6 4. b3 Bc5 5. Bb2 O-O 6. Nc3 Re8 7. d3 c6 8. Nf3 d5
9. cxd5 cxd5 10. O-O Nc6 11. Rc1 Qe7 12. e4 dxe4 13. dxe4 Ba3 14. Nd5 Nxd5 15.
Bxa3 Ndb4 16. Nh4 a5 17. Qh5 Qg5 18. Qxg5 hxg5 19. Bxb4 axb4 20. Nf5 Rxa2 21.
Nd6 Rd8 22. Nxc8 Rxc8 23. Rfd1 Rca8 24. Rd7 Nd4 25. Bf1 b5 26. Kg2 g4 27. Rc5
Rb2 28. Rcc7 Ne6 29. Ra7 Rxa7 30. Rxa7 Nd4 31. Rb7 Rxb3 32. Bxb5 Nxb5 33. Rxb5
f6 34. h3 gxh3+ 35. Kxh3 Rb1 36. Kg4 Kf7 37. Kf5 g6+ 38. Kg4 b3 39. Rb7+ Kf8
40. Rb8+ Ke7 41. Kf3 Kd7 42. Ke2 Kc7 43. Rb4 Kc6 44. Kd2 Kc5 45. Rb8 Kc4 46.
Rf8 b2 47. Kc2 Rf1
0-1

[Event "Kragero Resort Chess 2018"]
[Site "Kragerø Resort"]
[Date "2018.02.23"]
[Round "4"]
[White "Nordquelle, Daniel"]
[Black "Kantans, Toms"]
[Result "0-1"]
[WhiteElo "2220"]
[BlackElo "2487"]
[PlyCount "130"]
[EventDate "2018.??.??"]

1. e4 c5 2. Nc3 Nc6 3. Bb5 g6 4. Bxc6 dxc6 5. d3 Bg7 6. Be3 b6 7. Qd2 e5 8.
Nge2 Be6 9. O-O Nf6 10. h3 O-O 11. Bh6 Qd6 12. Bxg7 Kxg7 13. f4 exf4 14. Rxf4
Qe5 15. Raf1 Nd7 16. Nd1 Rae8 17. Ne3 Qxb2 18. Rh4 Kg8 19. d4 f5 20. Nd1 Qxa2
21. Ndc3 Qa6 22. Qh6 Rf7 23. exf5 gxf5 24. Nf4 Qc4 25. Rf3 Qxd4+ 26. Kh1 Qf6
27. Rg3+ Rg7 28. Qxh7+ Kf7 29. Qh5+ Ke7 30. Re3 Ne5 31. Qe2 Kd6 32. Nh5 Qxh4
33. Nxg7 Re7 34. Rxe5 Bd7 35. Rxe7 Qxe7 36. Qd2+ Kc7 37. Nh5 a5 38. Nf4 Qd6 39.
Qe3 b5 40. h4 a4 41. h5 a3 42. Nfe2 b4 43. Na2 Be6 44. Nec1 Bxa2 45. Nxa2 Qd1+
46. Kh2 Qxh5+ 47. Kg3 Qg4+ 48. Kf2 Kb6 49. Qb3 Qd4+ 50. Kg3 Qe5+ 51. Kf2 Qb2
52. Ke3 Qxb3+ 53. cxb3 c4 54. Nc1 Kb5 55. Kd2 c5 56. Kc2 cxb3+ 57. Nxb3 f4 58.
Nc1 c4 59. Ne2 b3+ 60. Kc3 a2 61. Kb2 Kb4 62. Nd4 c3+ 63. Ka1 Kc4 64. g4 Kxd4
65. g5 c2
0-1

[Event "Kragero Resort Chess 2018"]
[Site "Kragerø Resort"]
[Date "2018.02.23"]
[Round "4"]
[White "Ingebretsen, Jens E"]
[Black "Risting, Eivind Olav"]
[Result "1-0"]
[WhiteElo "2174"]
[BlackElo "2308"]
[PlyCount "65"]
[EventDate "2018.??.??"]

1. e4 c5 2. Nf3 Nf6 3. e5 Nd5 4. d4 cxd4 5. Qxd4 Nc7 6. Nc3 Nc6 7. Qe4 g6 8.
Bf4 Ne6 9. Bc4 Bg7 10. h4 Qa5 11. Bg3 h5 12. O-O Rb8 13. Rad1 Qb4 14. a3 Qb6
15. Nd5 Qxb2 16. Ra1 b5 17. Rfb1 Qxa1 18. Rxa1 bxc4 19. Nf4 Rb6 20. Rd1 O-O 21.
Kh2 Ba6 22. Nd5 Rb2 23. Ng5 Nc5 24. Qe3 Ne6 25. Nb4 Nxb4 26. axb4 Rxb4 27. Rxd7
Nxg5 28. hxg5 Bc8 29. e6 h4 30. Bc7 Rb7 31. exf7+ Kh7 32. Rxe7 Bf5 33. Qf4
1-0

[Event "Kragero Resort Chess 2018"]
[Site "Kragerø Resort"]
[Date "2018.02.23"]
[Round "4"]
[White "Houska, Jovanka"]
[Black "Vestby-Ellingsen, Mads"]
[Result "1-0"]
[WhiteElo "2408"]
[BlackElo "2160"]
[PlyCount "187"]
[EventDate "2018.??.??"]

1. d4 Nf6 2. Nf3 g6 3. Nbd2 Bg7 4. e4 d6 5. Be2 O-O 6. O-O Nc6 7. Re1 e5 8. c3
exd4 9. cxd4 Bg4 10. d5 Nb8 11. h3 Bxf3 12. Bxf3 Re8 13. Nc4 Nfd7 14. Be3 Ne5
15. Nxe5 Bxe5 16. Qc2 Nd7 17. Rac1 Rc8 18. b4 a6 19. Qd2 h5 20. Bd1 Bg7 21. f3
Bf6 22. Ba4 b5 23. Bb3 Bh4 24. Rf1 Qe7 25. Bd4 Bg5 26. f4 Bf6 27. Rce1 Bxd4+
28. Qxd4 f6 29. Bc2 Kg7 30. Re3 c5 31. dxc6 Rxc6 32. Bb3 Nb6 33. Rfe1 Nc4 34.
R3e2 Rec8 35. Rd1 Qc7 36. Kh1 Qe7 37. Kh2 Qc7 38. Rd3 Qe7 39. Rg3 Kh7 40. Rc2
R6c7 41. Rgc3 Qe6 42. a4 Rc6 43. axb5 axb5 44. Ra2 R6c7 45. Ra6 Re7 46. Bc2
Rec7 47. Bd3 Qe7 48. Qd5 Qf7 49. Qxb5 Nb2 50. Rxc7 Qxc7 51. Rb6 Qc1 52. Qd7+
Kh6 53. Qxd6 Nxd3 54. Qxd3 Qxf4+ 55. Qg3 Qxg3+ 56. Kxg3 Rc4 57. Kf3 Kg5 58. h4+
Kxh4 59. Rxf6 Kg5 60. Rb6 Rc3+ 61. Kf2 Kf4 62. Rxg6 Rc2+ 63. Kg1 Kxe4 64. Rh6
Kf4 65. Rxh5 Rb2 66. Kh2 Kg4 67. Rb5 Rb3 68. Rb8 Kg5 69. b5 Kh5 70. b6 Kg6 71.
g3 Rb2+ 72. Kh3 Rb4 73. Kg2 Rb3 74. Kf2 Kg7 75. Rb7+ Kg6 76. Rb8 Kg7 77. Kg2
Kg6 78. Kh3 Rb4 79. g4 Rb3+ 80. Kh4 Kh6 81. g5+ Kg6 82. Kg4 Rb4+ 83. Kf3 Kg7
84. Ke3 Rg4 85. Kd3 Rxg5 86. Kc4 Rg1 87. Re8 Rb1 88. Kc5 Rc1+ 89. Kd6 Rb1 90.
Kc7 Rc1+ 91. Kb8 Kf7 92. Re4 Rb1 93. b7 Rb2 94. Kc7
1-0

[Event "Kragero Resort Chess 2018"]
[Site "Kragerø Resort"]
[Date "2018.02.23"]
[Round "4"]
[White "Dolzhykova, Kateryna"]
[Black "Dahl, Trygve"]
[Result "1/2-1/2"]
[WhiteElo "2319"]
[BlackElo "2217"]
[PlyCount "153"]
[EventDate "2018.??.??"]

1. e4 c5 2. Nf3 e6 3. g3 Nc6 4. Bg2 Nf6 5. Qe2 d6 6. O-O Be7 7. Rd1 e5 8. c3
Qc7 9. Na3 O-O 10. Nc2 Re8 11. Rb1 Be6 12. b3 Bf8 13. Ng5 Bg4 14. f3 Bd7 15. d4
exd4 16. cxd4 Nxd4 17. Nxd4 cxd4 18. Rxd4 d5 19. Be3 Bc5 20. Rc1 Qb6 21. Rxc5
Qxc5 22. Rxd5 Qxe3+ 23. Qxe3 Nxd5 24. Qd3 Nf6 25. Nxh7 Kxh7 26. e5+ Kg8 27.
exf6 Rad8 28. fxg7 Bc6 29. Qc2 Re1+ 30. Kf2 Red1 31. Qf5 R8d2+ 32. Ke3 Bd7 33.
Qg5 Rd6 34. Ke2 R1d5 35. Qc1 Bb5+ 36. Ke1 Re5+ 37. Kf2 Rc6 38. Qd1 Re2+ 39. Kg1
Rce6 40. Qd8+ Re8 41. Qd6 Re1+ 42. Bf1 Bxf1 43. g4 Kxg7 44. Kf2 Ba6 45. h4 Rf1+
46. Kg2 Be2 47. Qd4+ Kg8 48. h5 Re6 49. g5 Rxf3 50. h6 Rg6 51. Qe5 Bd1 52. Qd5
Be2 53. Qe5 Rff6 54. Kh2 Re6 55. Qb8+ Kh7 56. Qxb7 Bg4 57. Qxf7+ Kh8 58. Qf4
Re2+ 59. Kg3 Be6 60. Qd4+ Kg8 61. Qd8+ Kh7 62. Qc7+ Kh8 63. Qb8+ Bg8 64. Qxa7
Re5 65. Qd4 Rgxg5+ 66. Kf4 Rgf5+ 67. Kg3 Bd5 68. Qa7 Bf7 69. Qb8+ Kh7 70. Qf8
Rg5+ 71. Kf4 Bg8 72. Qf6 Be6 73. Qxe5 Rxe5 74. Kxe5 Bg8 75. Kd4 Kxh6 76. Kc3
Kg6 77. a4
1/2-1/2

[Event "Kragero Resort Chess 2018"]
[Site "Kragerø Resort"]
[Date "2018.02.23"]
[Round "4"]
[White "Sagafos, Magne"]
[Black "Vitenberg, Noam Aviv"]
[Result "1-0"]
[WhiteElo "2384"]
[BlackElo "1911"]
[PlyCount "49"]
[EventDate "2018.??.??"]

1. e4 c6 2. Nc3 d5 3. Nf3 Nf6 4. e5 Ne4 5. Ne2 Qb6 6. d4 e6 7. Nfg1 f6 8. f3
Ng5 9. exf6 gxf6 10. f4 Nf7 11. Nf3 c5 12. f5 Nc6 13. Nf4 Nxd4 14. Nxd4 cxd4
15. fxe6 Bxe6 16. Bd3 Bb4+ 17. Bd2 Bxd2+ 18. Qxd2 Ne5 19. O-O O-O 20. Nh5 Nxd3
21. Qh6 Qc7 22. cxd3 Kh8 23. Rxf6 Rxf6 24. Qxf6+ Kg8 25. Qxe6+
1-0